01763nam a2200349 i 4500003000900000005001700009008004100026017001400067040004600081041000800127082003100135092000700166099004600173100004000219245013000259250003100389264009200420300003000512336002200542337002400564338003300588546004100621650006600662650003600728856005700764905000700821942001900828999001700847952018300864952018301047952018301230EG-GICUC20260429235542.0260429s2001    ua ||||fr|||| 00| 0 ara d  a2001/8788  a EG-GICUCbarac EG-GICUCd EG-GICUCerda0 aara04221a345.6651bر ف . أ04221  aLaw1 07	345.6651 ر ف . أ 1 ed - 20010 aرفعت زكى سعدeمؤلف.10aالأحكام العملية للحجز الإدارى بين التشريع والتطبيق /cرفعت زكى سعد.  aالطبعة الاولى  1a[مكان النشر غير محدد] :b[اسم الناشر غير محدد]،c1962.  a198 ؛ صفحةc24 سم.  2rda contentatext  2rda mediaaComputer  2rda carrieraOnline Resource  aالنص باللغة العربية14aالاجراءات الإدارية غي القضائية14aالقانون الإداري40uhttps://fll.law.cu.edu.eg/fulltext/bks/B07-02311.pdf  a77  2ddccBKe21n0  c74360d74360  00102ddc40718القانون الإداريaCUbLAW1d2026-04-29l0oLaw1 07	345.6651 ر ف . أ 1 ed - 2001 0702311 C1pB07-02311r2026-04-29 23:56:49t1w2026-04-29yBK  00102ddc40708القانون الإداريaCUbLAW1d2026-04-29l0oLaw1 07	345.6651 ر ف . أ 1 ed - 2001 0702312 C2pB07-02312r2026-04-29 23:57:16t2w2026-04-29yBK  00102ddc40708القانون الإداريaCUbLAW2d2026-04-29l0oLaw2 07	345.6651 ر ف . أ 1 ed - 2001 0702313 C3pB07-02313r2026-04-29 23:57:47t3w2026-04-29yBK